000
00318 a2200109 4500
001
ART_11007
005
20260410161849.0
008
260409a
245
1
0
_a
La deuda externa Argentina
100
1
_a
Rodríguez, Carlos Alfredo
773
0
_t
Económica
_g
- Año XXXII,Nº 2 (jul./dic. 1986)
_w
REV7541
999
_c
24850
_d
24850